Utódlással kapcsolatos nehézségek és kihívások az Észak-magyarországi régió mezőgazdaságában

Bibliographic Details
Main Author: Borkó Adrienn
Other Authors: Somogyi Dr. Aliz
Format: Thesis
Kulcsszavak:Utódlás
Generáció
Mezőgazdaság
Online Access:http://dolgozattar.uni-bge.hu/22538

MARC

LEADER 00000nta a2200000 i 4500
001 dolg22538
005 20190516183447.0
008 190516suuuu hu om 000 hun d
040 |a BGE Dolgozattár Repozitórium  |b hun 
041 |a hu 
100 1 |a Borkó Adrienn 
245 1 0 |a Utódlással kapcsolatos nehézségek és kihívások az Észak-magyarországi régió mezőgazdaságában  |c Borkó Adrienn  |h [elektronikus dokumentum] 
695 |a Utódlás 
695 |a Generáció 
695 |a Mezőgazdaság 
700 1 |a Somogyi Dr. Aliz  |e ths 
856 4 0 |u http://dolgozattar.uni-bge.hu/22538/1/Szakdolgozat%20BORK%C3%93%20ADRIENN%20V%C3%89GLEGES.pdf  |z Dokumentum-elérés